Statistics for Longest Prison Sentences- Guess the Country

Click here to take the quiz!

General Stats

  • This quiz has been taken 34 times
  • The average score is 5 of 12

Answer Stats

SentencesCountries% Correct
161 Life Sentences + 9,300 years of paroleUSA
100%
2,035 yearsMexico
56%
580 yearsBrazil
53%
35 Life Sentences + 1,652 years without paroleAustralia
47%
1,853 years & 9 daysColumbia
41%
67 Life Sentences + 5,200 years without paroleIsrael
41%
42,924 yearsSpain
41%
2,410 yearsSouth Africa
38%
52 Life Sentences + 480 years without paroleNew Zealand
31%
141,078 yearsThailand
28%
40 Life Sentences + 1,368 yearsTurkey
25%
6,060 yearsGuatemala
13%

Score Distribution

Percentile by Number Answered

Percent of People with Each Score

Your Score History

You have not taken this quiz